<?xml version="1.0" encoding="UTF-8"?>
<record
    xmlns:xsi="http://www.w3.org/2001/XMLSchema-instance"
    xsi:schemaLocation="http://www.loc.gov/MARC21/slim http://www.loc.gov/standards/marcxml/schema/MARC21slim.xsd"
    xmlns="http://www.loc.gov/MARC21/slim">

  <leader>01146nam a22001697a 4500</leader>
  <controlfield tag="008">121122t        xxu||||| |||| 00| 0 eng d</controlfield>
  <datafield tag="020" ind1=" " ind2=" ">
    <subfield code="a">139780534644536</subfield>
  </datafield>
  <datafield tag="050" ind1=" " ind2=" ">
    <subfield code="a">BF204.6.C66</subfield>
  </datafield>
  <datafield tag="100" ind1=" " ind2=" ">
    <subfield code="a">Compton, William.</subfield>
  </datafield>
  <datafield tag="245" ind1=" " ind2=" ">
    <subfield code="a">Introduction to positive psychology. /</subfield>
    <subfield code="c">William C. Compton</subfield>
  </datafield>
  <datafield tag="260" ind1=" " ind2=" ">
    <subfield code="a">Australia:</subfield>
    <subfield code="b">Wadsworth Cengage learning,</subfield>
    <subfield code="c">2005.</subfield>
  </datafield>
  <datafield tag="300" ind1=" " ind2=" ">
    <subfield code="a">xiii,276 p.:</subfield>
    <subfield code="b">ill.;</subfield>
    <subfield code="c">24cm.</subfield>
  </datafield>
  <datafield tag="500" ind1=" " ind2=" ">
    <subfield code="a">Includes index.</subfield>
  </datafield>
  <datafield tag="505" ind1=" " ind2=" ">
    <subfield code="a">Contents: Positive psychology foundations : An introduction to positive psychology -- Emotions and motivation in positive psychology -- Positive emotional states: Subjects well-being -- Leisure, optimal experiences and peak performance -- Love and well-being -- Wellnes, health psychology and positive coping -- Positive traits: Exellence, aesthetics, creativity and genius -- Positive mental health: Thriving and flourishing -- Interventions for enhanced well-being -- Religion, spirituality and well-being -- Positive institutions and a look toward the future: Work, community, culture and well-being -- A look toward the future of positive psychology.</subfield>
  </datafield>
  <datafield tag="650" ind1=" " ind2=" ">
    <subfield code="a">Positive psychology.</subfield>
  </datafield>
  <datafield tag="942" ind1=" " ind2=" ">
    <subfield code="2">lcc</subfield>
    <subfield code="c">BK</subfield>
  </datafield>
  <datafield tag="999" ind1=" " ind2=" ">
    <subfield code="c">2568</subfield>
    <subfield code="d">10068</subfield>
  </datafield>
  <datafield tag="952" ind1=" " ind2=" ">
    <subfield code="0">0</subfield>
    <subfield code="1">0</subfield>
    <subfield code="2">lcc</subfield>
    <subfield code="4">0</subfield>
    <subfield code="7">0</subfield>
    <subfield code="a">WIUC-1</subfield>
    <subfield code="b">WIUC-1</subfield>
    <subfield code="c">REF</subfield>
    <subfield code="d">2012-11-22</subfield>
    <subfield code="l">0</subfield>
    <subfield code="o">BF204.6.C66</subfield>
    <subfield code="p">6733/12</subfield>
    <subfield code="r">2012-11-22 00:00:00</subfield>
    <subfield code="t">1</subfield>
    <subfield code="w">2012-11-22</subfield>
    <subfield code="y">BK</subfield>
  </datafield>
  <datafield tag="952" ind1=" " ind2=" ">
    <subfield code="0">0</subfield>
    <subfield code="1">0</subfield>
    <subfield code="2">lcc</subfield>
    <subfield code="4">0</subfield>
    <subfield code="7">0</subfield>
    <subfield code="a">WIUC-1</subfield>
    <subfield code="b">WIUC-1</subfield>
    <subfield code="c">REF</subfield>
    <subfield code="d">2012-11-22</subfield>
    <subfield code="l">0</subfield>
    <subfield code="o">BF204.6.C661</subfield>
    <subfield code="p">6734/12</subfield>
    <subfield code="r">2012-11-22 00:00:00</subfield>
    <subfield code="t">2</subfield>
    <subfield code="w">2012-11-22</subfield>
    <subfield code="y">BK</subfield>
  </datafield>
  <datafield tag="952" ind1=" " ind2=" ">
    <subfield code="0">0</subfield>
    <subfield code="1">0</subfield>
    <subfield code="2">lcc</subfield>
    <subfield code="4">0</subfield>
    <subfield code="7">0</subfield>
    <subfield code="a">WIUC-1</subfield>
    <subfield code="b">WIUC-1</subfield>
    <subfield code="c">REF</subfield>
    <subfield code="d">2012-11-23</subfield>
    <subfield code="l">0</subfield>
    <subfield code="o">BF204.6.C662</subfield>
    <subfield code="p">6523/12</subfield>
    <subfield code="r">2012-11-23 00:00:00</subfield>
    <subfield code="t">3</subfield>
    <subfield code="w">2012-11-23</subfield>
    <subfield code="y">BK</subfield>
  </datafield>
</record>
